| 000 | 01783nam a22003615a 4500 | ||
|---|---|---|---|
| 003 | EG-ScBUE | ||
| 005 | 20211102115411.0 | ||
| 008 | 170419s2017 ua f b f000 0 ara d | ||
| 017 | _a2016 / 27058 | ||
| 020 | _a9789779110752 | ||
| 040 |
_aEG-ScBUE _bara _erda _cEG-ScBUE _dEG-ScBUE |
||
| 082 | 0 | 4 |
_a509 _bس ل ي _222 |
| 100 | 1 |
_aسليمان، مصطفى محمود، _eمؤلف. |
|
| 245 | 1 | 0 |
_aتاريخ العلوم والتكنولوجيا في العصور القديمة والوسطى ودور الحضارة الإسلامية في تكوين الفكر الأوربي والنهضة الأوربية / _cد. مصطفى محمود سليمان، أستاذ الجيولوجيا بالجامعة البريطانية في مصر. |
| 246 | 3 | 4 | _aتاريخ العلوم والتكنولوجيا في العصور القديمة والوسطى ومكانة الحضارة الإسلامية فيه |
| 250 |
_aالطبعة الثالثة، _bمنقحة ومزيدة. |
||
| 264 | 1 |
_aالقاهرة : _bالهيئة المصرية العامة للكتاب، _c2017. |
|
| 300 |
_a1043 صفحة ؛ _c24 سم |
||
| 336 |
_2rdacontent _aنص _btxt |
||
| 337 |
_2rdamedia _aبدون وسيط _bn |
||
| 338 |
_2rdacarrier _aمجلد _bnc |
||
| 500 | _aComposed by BUE staff | ||
| 504 | _aيشتمل على إرجاعات ببليوجرافية. | ||
| 541 |
_cإهداء ؛ _aأ. فريدة خميس. |
||
| 650 | 7 |
_aالعلوم _xتاريخ قديم. _2BUEsh |
|
| 650 | 7 |
_aالتكنولوجيا _xتاريخ قديم. _2BUEsh |
|
| 650 | 7 |
_aالعلوم _xتاريخ _yعصور وسطى. _2BUEsh |
|
| 650 | 7 |
_aالتكنولوجيا _xتاريخ _yعصور وسطى. _2BUEsh |
|
| 651 | _2BUEsh | ||
| 653 |
_bGGEN _cApril2017 |
||
| 655 |
_vReading book _934232 |
||
| 942 | _2ddc | ||
| 999 |
_c24674 _d24646 |
||